Mediación : Diseño de una práctica /

Esta particular mirada sobre la mediación resulta de utilidad para quienes se acercan a ella por primera vez, para los mediadores que deseen revisar su práctica, reflexionando sobre los múltiples aspectos siempre fascinantes de la tarea y, muy especialmente, para los capacitadores en mediación, con...

Descripción completa

Detalles Bibliográficos
Autor principal: Caram, María Elena
Otros Autores: Eilbaum, Diana Teresa, Risolía, Matilde
Formato: Libro
Lenguaje:español
Publicado: Buenos Aires Librería histórica 2006
Colección:Visión Compartida 6
Materias:
Acceso en línea:

MARC

LEADER 00000cam a2200000 a 4500
001 004473
003 UAHC_CL
005 20170803120039.0
008 060921b2006 ag 000 spa
020 |a 9871206119 
040 |a UAHC_CL  |c UAHC_CL  |d UAHC_CL 
100 1 |a Caram, María Elena 
245 1 0 |a Mediación :  |b Diseño de una práctica /  |c María Elena Caram, Diana Teresa Eilbaum, Matilde Risolía. 
260 |b Librería histórica  |a Buenos Aires  |c 2006 
300 |a 455 p. 
490 0 |a Visión Compartida  |v 6 
520 |a Esta particular mirada sobre la mediación resulta de utilidad para quienes se acercan a ella por primera vez, para los mediadores que deseen revisar su práctica, reflexionando sobre los múltiples aspectos siempre fascinantes de la tarea y, muy especialmente, para los capacitadores en mediación, con la confianza de proveerles un texto sistemático, expresado en un lenguaje compartido que reúne y explicita la práctica en nuestro medio y desarrolla las principales herramientas del mediador, conectándolas con los aspectos teóricos subyacentes y su aplicación a casos concretos. 
650 4 |a ADMINISTRACION DE CONFLICTOS 
650 4 |a MEDIACION 
650 4 |a SOLUCION DE PROBLEMAS 
650 4 |a RELACIONES HUMANAS 
653 |a TRABAJO SOCIAL 
658 |a Hernández, Jeannette 
700 1 |a Eilbaum, Diana Teresa 
700 1 |a Risolía, Matilde 
900 |a 303.69 CAR 
942 |c BK 
952 |0 0  |1 0  |4 0  |6 303_690000000000000_CAR  |7 0  |8 General  |9 10082  |a BC  |b BC  |c General  |d 2017-08-03  |l 0  |o 303.69 CAR  |p 1355866  |r 2026-01-13 00:00:00  |t 1  |w 2017-08-03  |y BK 
952 |0 0  |1 0  |4 0  |6 303_690000000000000_CAR  |7 0  |8 General  |9 10083  |a BC  |b BC  |c General  |d 2017-08-03  |l 0  |o 303.69 CAR  |p 1355867  |r 2026-01-13 00:00:00  |t 2  |w 2017-08-03  |y BK 
999 |c 4473  |d 4473